| 000 | 01131nam a22002777a 4500 | ||
|---|---|---|---|
| 001 | BD-DhSAU 9278 | ||
| 003 | BD-DhSAU | ||
| 005 | 20221205124759.0 | ||
| 008 | 150613b2018 bg a|||| m||| 00| 0 eng d | ||
| 040 | _aBD-DhSAU | ||
| 082 |
_222 _a630 _bL118 |
||
| 100 |
_aLABIBA, TAHSIN _eRegistration # 14-05873 |
||
| 245 |
_aEffect of number of seedlings per hill on spikelet sterility and yield of t. aman rice varieties / _bMS thesis |
||
| 260 |
_aSher-e-Bangla Agricultural University : _bDepartment of Agronomy, _c2021 |
||
| 300 |
_axiii, 96p. : _bill. ; _c30 cm. |
||
| 500 | _aMS thesis of Department of Agonomy, Faculty of Agriculture, Sher-e-Bangla Agricultural University, Dhaka, Bangladesh | ||
| 504 | _aIncludes bibliographical reference. | ||
| 590 | _aNazmul | ||
| 650 | _anumber of seedlings per hill | ||
| 650 | _aspikelet sterility | ||
| 651 | _at. aman rice | ||
| 700 |
_aProf. Dr. A. K. M. Ruhul Amin _eSuperviser |
||
| 700 |
_aAsst. Prof. Mirza Mobashwerul Haque _eCo-superviser |
||
| 856 | _uhttp://archive.saulibrary.edu.bd:8080/xmlui/handle/123456789/4576 | ||
| 942 |
_2ddc _cTHESIS |
||
| 999 |
_c16277 _d16276 |
||